[Event "Praha"]
[Site "?"]
[Date "2023.01.07"]
[Round "2.4"]
[White "Gkavardinas, Antonios"]
[Black "Neuman, Petr"]
[Result "0-1"]
[BlackElo "2393"]
[WhiteElo "2101"]
[LiveChessVersion "1.4.8"]

1. e4 {[%clk 1:30:58]} c5 {[%clk 1:23:19]} 2. Nf3 {[%clk 1:31:23]} Nc6
{[%clk 1:23:42]} 3. Bb5 {[%clk 1:31:39]} g6 {[%clk 1:23:53]} 4. Bxc6
{[%clk 1:31:40]} dxc6 {[%clk 1:24:16]} 5. d3 {[%clk 1:31:27]} Qc7
{[%clk 1:24:27]} 6. h3 {[%clk 1:30:57]} e5 {[%clk 1:20:53]} 7. Nc3
{[%clk 1:30:15]} Nf6 {[%clk 1:20:47]} 8. O-O {[%clk 1:29:33]} Nh5
{[%clk 1:18:26]} 9. Be3 {[%clk 1:25:42]} f6 {[%clk 1:17:19]} 10. Qd2
{[%clk 1:23:50]} Be6 {[%clk 1:17:36]} 11. Ne2 {[%clk 1:21:43]} O-O-O
{[%clk 1:17:15]} 12. Qc3 {[%clk 1:15:31]} b6 {[%clk 1:16:56]} 13. Ng3
{[%clk 1:13:48]} Ng7 {[%clk 1:13:03]} 14. a3 {[%clk 1:11:13]} Bf7
{[%clk 1:11:55]} 15. b4 {[%clk 1:09:15]} Ne6 {[%clk 1:12:12]} 16. bxc5
{[%clk 1:05:43]} Bxc5 {[%clk 1:10:47]} 17. Bxc5 {[%clk 1:05:43]} Nxc5
{[%clk 1:11:13]} 18. Rad1 {[%clk 1:04:32]} Rd6 {[%clk 1:06:13]} 19. d4
{[%clk 1:00:01]} Rhd8 {[%clk 1:06:04]} 20. Rd2 {[%clk 0:57:30]} exd4
{[%clk 1:06:01]} 21. Nxd4 {[%clk 0:56:38]} Na4 {[%clk 1:04:16]} 22. Qa1
{[%clk 0:53:00]} b5 {[%clk 0:48:31]} 23. Rfd1 {[%clk 0:47:31]} Nb6
{[%clk 0:47:59]} 24. Nf1 {[%clk 0:41:50]} Kb7 {[%clk 0:22:03]} 25. Ne3
{[%clk 0:37:28]} Qe7 {[%clk 0:18:50]} 26. Nf3 {[%clk 0:25:09]} Rxd2
{[%clk 0:18:51]} 27. Rxd2 {[%clk 0:25:31]} Rxd2 {[%clk 0:19:00]} 28. Nxd2
{[%clk 0:25:53]} a5 {[%clk 0:19:15]} 29. Qc3 {[%clk 0:23:19]} a4 {[%clk 0:19:12]}
30. Ng4 {[%clk 0:20:59]} Nd7 {[%clk 0:19:28]} 31. Qd3 {[%clk 0:16:16]} Be6
{[%clk 0:17:49]} 32. Ne3 {[%clk 0:14:08]} Kc7 {[%clk 0:14:37]} 33. Qc3
{[%clk 0:10:47]} Qc5 {[%clk 0:14:14]} 34. Qa5+ {[%clk 0:08:05]} Kb7
{[%clk 0:14:08]} 35. Nb1 {[%clk 0:05:00]} Qd4 {[%clk 0:12:25]} 36. Qb4
{[%clk 0:00:59]} Qxb4 {[%clk 0:11:09]} 37. axb4 {[%clk 0:01:23]} c5
{[%clk 0:06:41]} 38. c3 {[%clk 0:01:35]} Ne5 {[%clk 0:04:04]} 39. Na3
{[%clk 0:01:07]} Kc6 {[%clk 0:03:57]} 40. Kf1 {[%clk 0:00:51]} cxb4
{[%clk 0:03:47]} 41. cxb4 {[%clk 0:01:14]} Bc4+ {[%clk 0:02:54]} 42. Ke1
{[%clk 0:20:22]} Nd3+ {[%clk 0:33:03]} 43. Ke2 {[%clk 0:20:23]} Nxb4+
{[%clk 0:33:28]} 44. Nexc4 {[%clk 0:20:36]} bxc4 {[%clk 0:33:55]} 45. Nxc4
{[%clk 0:20:55]} Kc5 {[%clk 0:34:18]} 46. Na3 {[%clk 0:19:00]} Nc6
{[%clk 0:30:34]} 47. Kd3 {[%clk 0:15:51]} Kb4 {[%clk 0:30:31]} 48. Nc2+
{[%clk 0:15:14]} Kb3 {[%clk 0:30:42]} 49. Na1+ {[%clk 0:11:03]} Kb2
{[%clk 0:30:13]} 50. Nc2 {[%clk 0:11:27]} g5 {[%clk 0:30:07]} 51. g3
{[%clk 0:10:43]} Ne5+ {[%clk 0:30:32]} 52. Kd2 {[%clk 0:11:03]} Nf3+
{[%clk 0:29:47]} 53. Kd3 {[%clk 0:10:50]} h5 {[%clk 0:30:03]} 54. Ne3
{[%clk 0:09:42]} Ne5+ {[%clk 0:29:38]} 55. Kd2 {[%clk 0:09:13]} a3
{[%clk 0:29:35]} 56. Nd1+ {[%clk 0:08:55]} Kb3 {[%clk 0:29:44]} 57. Nc3
{[%clk 0:09:06]} g4 {[%clk 0:29:58]} 58. h4 {[%clk 0:08:37]} Nc4+
{[%clk 0:30:05]} 59. Kd3 {[%clk 0:08:50]} Nb2+ {[%clk 0:30:02]} 60. Kd2
{[%clk 0:09:03]} Na4 {[%clk 0:30:22]} 61. Nb5 {[%clk 0:06:44]} a2
{[%clk 0:30:44]} 62. Nd4+ {[%clk 0:07:08]} Kb2 {[%clk 0:30:57]} 63. Nc2
{[%clk 0:07:32]} Nc5 {[%clk 0:31:18]} 0-1

[Event "Praha"]
[Site "?"]
[Date "2023.01.07"]
[Round "2.5"]
[White "Carlsson, Ludvig"]
[Black "Lohia, Sohum"]
[Result "1-0"]
[BlackElo "2096"]
[WhiteElo "2349"]
[LiveChessVersion "1.4.8"]

1. e4 {[%clk 1:27:08]} e5 {[%clk 1:30:45]} 2. Nf3 {[%clk 1:27:26]} Nc6
{[%clk 1:31:03]} 3. Bb5 {[%clk 1:27:47]} a6 {[%clk 1:30:42]} 4. Ba4
{[%clk 1:28:05]} Nf6 {[%clk 1:30:55]} 5. d3 {[%clk 1:27:51]} b5 {[%clk 1:30:37]}
6. Bb3 {[%clk 1:28:12]} Bc5 {[%clk 1:30:46]} 7. a4 {[%clk 1:25:01]} Rb8
{[%clk 1:29:23]} 8. axb5 {[%clk 1:19:52]} axb5 {[%clk 1:29:32]} 9. O-O
{[%clk 1:18:02]} d6 {[%clk 1:28:52]} 10. c3 {[%clk 1:16:23]} Bg4 {[%clk 1:26:36]}
11. Re1 {[%clk 1:14:52]} O-O {[%clk 1:22:39]} 12. h3 {[%clk 1:15:01]} Bh5
{[%clk 1:20:11]} 13. Nbd2 {[%clk 1:15:19]} b4 {[%clk 1:10:53]} 14. Ba4
{[%clk 1:12:58]} bxc3 {[%clk 1:10:23]} 15. bxc3 {[%clk 1:13:08]} Ne7
{[%clk 1:08:14]} 16. Nf1 {[%clk 1:12:53]} h6 {[%clk 0:53:38]} 17. Ng3
{[%clk 1:08:47]} Ng6 {[%clk 0:47:46]} 18. Bc2 {[%clk 0:56:38]} Bxf3
{[%clk 0:44:15]} 19. Qxf3 {[%clk 0:56:31]} Nh4 {[%clk 0:43:23]} 20. Qe2
{[%clk 0:54:15]} Qd7 {[%clk 0:38:52]} 21. Rd1 {[%clk 0:50:17]} Qc6
{[%clk 0:36:19]} 22. Ra4 {[%clk 0:40:20]} Ra8 {[%clk 0:28:37]} 23. Rc4
{[%clk 0:40:19]} Qb5 {[%clk 0:27:24]} 24. Rf1 {[%clk 0:36:36]} Ra2
{[%clk 0:24:36]} 25. Qd1 {[%clk 0:35:26]} Ra1 {[%clk 0:20:27]} 26. Ra4
{[%clk 0:34:37]} Ra8 {[%clk 0:19:03]} 27. Rxa8+ {[%clk 0:34:46]} Rxa8
{[%clk 0:19:31]} 28. d4 {[%clk 0:34:30]} Bb6 {[%clk 0:18:54]} 29. Bd3
{[%clk 0:26:20]} Qa4 {[%clk 0:14:49]} 30. Be3 {[%clk 0:26:29]} Qxd1
{[%clk 0:12:24]} 31. Rxd1 {[%clk 0:26:53]} Ra3 {[%clk 0:12:11]} 32. Ne2
{[%clk 0:27:05]} Ng6 {[%clk 0:11:16]} 33. f3 {[%clk 0:21:06]} Kf8
{[%clk 0:10:47]} 34. Kf2 {[%clk 0:20:56]} Ke7 {[%clk 0:09:13]} 35. Bb5
{[%clk 0:20:39]} Nf8 {[%clk 0:07:30]} 36. Rb1 {[%clk 0:16:43]} Ne6
{[%clk 0:06:57]} 37. Bc4 {[%clk 0:17:05]} Nd7 {[%clk 0:05:29]} 38. h4
{[%clk 0:16:37]} Ra4 {[%clk 0:04:29]} 39. Bb3 {[%clk 0:16:28]} Ra3
{[%clk 0:04:18]} 40. g3 {[%clk 0:13:08]} f6 {[%clk 0:01:27]} 41. g4
{[%clk 0:01:53]} Nd8 {[%clk 0:00:52]} 42. Ng3 {[%clk 0:01:03]} Kf8
{[%clk 0:00:41]} 43. Nf5 {[%clk 0:00:54]} Nc6 {[%clk 0:00:51]} 44. Be6
{[%clk 0:28:20]} Ncb8 {[%clk 0:25:03]} 45. Rc1 {[%clk 0:26:39]} Ba5
{[%clk 0:23:01]} 46. g5 {[%clk 0:26:04]} hxg5 {[%clk 0:19:57]} 47. hxg5
{[%clk 0:26:20]} g6 {[%clk 0:19:51]} 48. Rh1 {[%clk 0:23:51]} gxf5
{[%clk 0:19:07]} 49. Rh8+ {[%clk 0:23:58]} Ke7 {[%clk 0:19:16]} 50. Rh7+
{[%clk 0:24:12]} Kd8 {[%clk 0:15:11]} 51. g6 {[%clk 0:23:34]} Nc6
{[%clk 0:15:11]} 52. Rxd7+ {[%clk 0:23:08]} Ke8 {[%clk 0:15:36]} 53. g7
{[%clk 0:23:31]} Ne7 {[%clk 0:16:01]} 54. Rxe7+ {[%clk 0:23:51]} 1-0

[Event "Praha"]
[Site "?"]
[Date "2023.01.07"]
[Round "2.6"]
[White "Hak, David"]
[Black "Bochnicka, Vladimir"]
[Result "1-0"]
[BlackElo "2345"]
[WhiteElo "2095"]
[LiveChessVersion "1.4.8"]

1. e4 {[%clk 1:30:58]} c5 {[%clk 1:30:44]} 2. c3 {[%clk 1:31:24]} Nf6
{[%clk 1:29:39]} 3. e5 {[%clk 1:31:48]} Nd5 {[%clk 1:30:04]} 4. Nf3
{[%clk 1:32:02]} Nc6 {[%clk 1:30:00]} 5. d4 {[%clk 1:32:25]} cxd4
{[%clk 1:28:50]} 6. cxd4 {[%clk 1:32:49]} e6 {[%clk 1:27:07]} 7. Nc3
{[%clk 1:27:42]} d6 {[%clk 1:23:50]} 8. Nxd5 {[%clk 1:10:48]} exd5
{[%clk 1:24:02]} 9. Bd3 {[%clk 1:10:14]} Bg4 {[%clk 1:16:26]} 10. O-O
{[%clk 1:09:19]} Be7 {[%clk 1:16:24]} 11. Re1 {[%clk 1:02:58]} O-O
{[%clk 1:12:20]} 12. h3 {[%clk 0:57:28]} Bh5 {[%clk 0:52:35]} 13. e6
{[%clk 0:45:32]} fxe6 {[%clk 0:36:20]} 14. Bxh7+ {[%clk 0:36:59]} Kxh7
{[%clk 0:36:39]} 15. Ng5+ {[%clk 0:37:17]} Bxg5 {[%clk 0:35:56]} 16. Qxh5+
{[%clk 0:37:40]} Kg8 {[%clk 0:32:20]} 17. Bxg5 {[%clk 0:36:49]} Rf5
{[%clk 0:32:21]} 18. h4 {[%clk 0:23:19]} Qd7 19. Qg4 {[%clk 0:23:19]} Qf7
{[%clk 0:31:13]} 20. Re3 {[%clk 0:16:24]} Rxf2 {[%clk 0:22:40]} 21. Rxe6
{[%clk 0:15:09]} Rf8 {[%clk 0:17:39]} 22. Rxd6 {[%clk 0:09:04]} Rxb2
{[%clk 0:13:45]} 23. Bf6 {[%clk 0:05:58]} Ne7 {[%clk 0:10:52]} 24. h5
{[%clk 0:03:37]} Kh8 {[%clk 0:02:41]} 25. Be5 {[%clk 0:02:12]} Kh7
{[%clk 0:02:16]} 26. Rc1 {[%clk 0:01:37]} Rb6 {[%clk 0:02:42]} 27. Rxb6
{[%clk 0:01:28]} axb6 {[%clk 0:02:29]} 28. Rc7 {[%clk 0:01:51]} Qf2+
{[%clk 0:02:46]} 29. Kh2 {[%clk 0:01:38]} Rf7 {[%clk 0:02:01]} 30. Rxb7
{[%clk 0:01:16]} Nc6 {[%clk 0:02:19]} 31. Qg6+ {[%clk 0:00:51]} Kg8 32. Bg3 Qf5
{[%clk 0:02:10]} 33. Rxb6 {[%clk 0:00:51]} Nxd4 {[%clk 0:01:52]} 34. Rb8+
{[%clk 0:00:44]} Rf8 {[%clk 0:02:18]} 35. Qxf5 {[%clk 0:00:43]} Nxf5
{[%clk 0:02:43]} 36. Rxf8+ {[%clk 0:00:36]} Kxf8 {[%clk 0:03:10]} 37. Bf4
{[%clk 0:00:45]} Nd4 {[%clk 0:02:49]} 38. Kg3 {[%clk 0:00:49]} Kf7
{[%clk 0:02:28]} 39. a4 {[%clk 0:00:58]} Nb3 {[%clk 0:01:18]} 40. Kf2
{[%clk 0:01:03]} Ke6 {[%clk 0:01:04]} 41. g4 {[%clk 0:00:53]} d4 {[%clk 0:21:06]}
42. Bc7 {[%clk 0:25:10]} Nc5 {[%clk 0:18:00]} 43. a5 {[%clk 0:25:14]} Kd5
{[%clk 0:17:56]} 44. Bb6 {[%clk 0:20:26]} Ne4+ {[%clk 0:10:17]} 45. Ke2
{[%clk 0:16:00]} Nf6 {[%clk 0:04:10]} 46. a6 {[%clk 0:15:18]} Nd7
{[%clk 0:03:31]} 47. g5 {[%clk 0:11:40]} d3+ {[%clk 0:01:33]} 48. Kd1
{[%clk 0:07:13]} Nxb6 {[%clk 0:00:48]} 49. h6 1-0

[Event "Praha"]
[Site "?"]
[Date "2023.01.07"]
[Round "2.7"]
[White "Schmidt-Schaeffer, Sebastian"]
[Black "Cieslak, Patryk"]
[Result "1-0"]
[BlackElo "2094"]
[WhiteElo "2340"]
[LiveChessVersion "1.4.8"]

1. d4 {[%clk 1:30:50]} Nf6 {[%clk 1:30:55]} 2. Nf3 {[%clk 1:30:16]} e6
{[%clk 1:30:41]} 3. Bf4 {[%clk 1:30:08]} d5 {[%clk 1:29:50]} 4. e3
{[%clk 1:29:27]} Bd6 {[%clk 1:28:37]} 5. c3 {[%clk 1:22:17]} O-O {[%clk 1:24:15]}
6. Bd3 {[%clk 1:16:07]} c5 {[%clk 1:22:30]} 7. Bxd6 {[%clk 1:01:13]} Qxd6
{[%clk 1:22:58]} 8. Ne5 {[%clk 0:56:59]} Nfd7 {[%clk 1:17:02]} 9. f4
{[%clk 0:54:16]} g6 {[%clk 1:13:32]} 10. O-O {[%clk 0:50:06]} Kg7
{[%clk 1:09:33]} 11. Nd2 {[%clk 0:40:39]} f6 {[%clk 1:07:07]} 12. Nef3
{[%clk 0:37:30]} e5 {[%clk 1:02:31]} 13. fxe5 {[%clk 0:35:55]} fxe5
{[%clk 1:02:53]} 14. e4 {[%clk 0:30:55]} exd4 {[%clk 0:58:28]} 15. cxd4
{[%clk 0:30:37]} cxd4 {[%clk 0:57:31]} 16. exd5 {[%clk 0:27:12]} Nf6
{[%clk 0:49:49]} 17. Rc1 {[%clk 0:20:40]} Nxd5 {[%clk 0:40:37]} 18. Nc4
{[%clk 0:11:06]} Qe7 {[%clk 0:38:13]} 19. Re1 {[%clk 0:06:34]} Qf6
{[%clk 0:37:22]} 20. Be4 {[%clk 0:05:19]} Rd8 {[%clk 0:30:51]} 21. Nce5
{[%clk 0:03:32]} Na6 {[%clk 0:24:00]} 22. Qxd4 {[%clk 0:02:54]} Be6
{[%clk 0:23:21]} 23. a3 {[%clk 0:01:31]} Nac7 {[%clk 0:22:09]} 24. Qf2
{[%clk 0:01:34]} Nb5 {[%clk 0:21:08]} 25. Rc5 {[%clk 0:01:29]} a6
{[%clk 0:20:20]} 26. a4 {[%clk 0:01:35]} Na7 {[%clk 0:18:39]} 27. Bxd5
{[%clk 0:01:05]} Rxd5 {[%clk 0:17:36]} 28. Rxd5 {[%clk 0:00:47]} Bxd5
{[%clk 0:18:05]} 29. Nd7 {[%clk 0:00:42]} Qf4 {[%clk 0:17:54]} 30. Re7+
{[%clk 0:00:44]} Kh6 {[%clk 0:18:03]} 31. Nb6 {[%clk 0:00:31]} Rd8
{[%clk 0:17:43]} 32. Nxd5 {[%clk 0:01:00]} Rxd5 {[%clk 0:18:12]} 33. Qxa7
{[%clk 0:01:18]} Rd3 {[%clk 0:17:46]} 34. Re1 {[%clk 0:00:51]} g5
{[%clk 0:17:49]} 35. Qb6+ {[%clk 0:01:00]} Kh5 {[%clk 0:18:16]} 36. Qxb7
{[%clk 0:01:12]} Qf5 {[%clk 0:18:13]} 37. h3 {[%clk 0:01:03]} Kh6
{[%clk 0:17:25]} 38. Qxa6+ {[%clk 0:01:19]} Kg7 {[%clk 0:17:54]} 39. Qb7+
{[%clk 0:01:04]} Kh6 {[%clk 0:18:23]} 40. Qb6+ {[%clk 0:00:57]} Kg7
{[%clk 0:18:43]} 41. Qc7+ {[%clk 0:00:36]} Kh6 {[%clk 0:19:09]} 42. Qg3
{[%clk 0:30:30]} Qc5+ {[%clk 0:49:21]} 43. Kh1 {[%clk 0:30:37]} Rd6
{[%clk 0:49:29]} 44. Nxg5 {[%clk 0:28:47]} Rf6 {[%clk 0:48:53]} 45. Ne4
{[%clk 0:28:35]} Qd4 {[%clk 0:49:21]} 46. Qg5# {[%clk 0:28:38]} 1-0

[Event "Praha"]
[Site "?"]
[Date "2023.01.07"]
[Round "2.8"]
[White "Tolonen, Mikko"]
[Black "Elmi, Saad Abobaker"]
[Result "0-1"]
[BlackElo "2326"]
[WhiteElo "2085"]
[LiveChessVersion "1.4.8"]

1. e4 {[%clk 1:30:56]} c5 {[%clk 1:30:46]} 2. Nc3 {[%clk 1:31:18]} Nc6
{[%clk 1:30:40]} 3. Bb5 {[%clk 1:31:02]} Nd4 {[%clk 1:31:00]} 4. Nf3
{[%clk 1:31:17]} g6 {[%clk 1:30:11]} 5. Bc4 {[%clk 1:31:29]} Bg7 {[%clk 1:30:11]}
6. Nxd4 {[%clk 1:30:46]} cxd4 {[%clk 1:28:47]} 7. Qf3 {[%clk 1:31:07]} Nf6
{[%clk 1:28:39]} 8. Ne2 {[%clk 1:24:23]} Qa5 {[%clk 1:10:27]} 9. c3
{[%clk 1:01:11]} dxc3 {[%clk 0:52:13]} 10. bxc3 {[%clk 0:59:58]} O-O
{[%clk 0:52:04]} 11. O-O {[%clk 0:55:22]} d6 {[%clk 0:48:44]} 12. Re1
{[%clk 0:51:59]} Bg4 {[%clk 0:45:38]} 13. Qg3 {[%clk 0:49:45]} Qc5
{[%clk 0:37:21]} 14. Bd3 {[%clk 0:42:39]} e5 {[%clk 0:37:12]} 15. a4
{[%clk 0:33:06]} a6 {[%clk 0:32:20]} 16. Ba3 {[%clk 0:28:32]} Qc6
{[%clk 0:32:39]} 17. f3 {[%clk 0:25:13]} Be6 {[%clk 0:32:42]} 18. Qf2
{[%clk 0:23:57]} Rfd8 {[%clk 0:32:14]} 19. Bc2 {[%clk 0:17:43]} Bc4
{[%clk 0:24:56]} 20. d3 {[%clk 0:17:53]} Be6 {[%clk 0:25:19]} 21. Rab1
{[%clk 0:10:25]} b5 {[%clk 0:24:40]} 22. axb5 {[%clk 0:09:01]} axb5
{[%clk 0:24:52]} 23. Bb4 {[%clk 0:08:03]} h5 {[%clk 0:21:07]} 24. h3
{[%clk 0:08:12]} d5 {[%clk 0:21:17]} 25. Rec1 {[%clk 0:06:24]} dxe4
{[%clk 0:19:33]} 26. fxe4 {[%clk 0:06:40]} Ra2 {[%clk 0:10:07]} 27. Be7
{[%clk 0:06:42]} Nxe4 {[%clk 0:10:30]} 28. dxe4 {[%clk 0:06:30]} Rd2
{[%clk 0:10:53]} 29. Bd1 {[%clk 0:03:12]} Bc4 {[%clk 0:08:51]} 30. Bg5
{[%clk 0:03:20]} Rxe2 {[%clk 0:08:18]} 31. Bxe2 {[%clk 0:03:48]} Rxe2
{[%clk 0:08:40]} 32. Qf3 {[%clk 0:03:14]} Rxe4 {[%clk 0:07:58]} 33. Rd1
{[%clk 0:02:17]} Be6 {[%clk 0:06:55]} 34. Rd8+ {[%clk 0:02:27]} Kh7
{[%clk 0:07:19]} 35. Qd3 {[%clk 0:02:04]} Rc4 {[%clk 0:06:31]} 36. Bd2
{[%clk 0:01:59]} Bf5 {[%clk 0:06:41]} 0-1

[Event "Praha"]
[Site "?"]
[Date "2023.01.07"]
[Round "2.9"]
[White "Bolk, Matthias"]
[Black "Ivanov, Mike"]
[Result "1/2-1/2"]
[BlackElo "2319"]
[WhiteElo "2080"]
[LiveChessVersion "1.4.8"]

1. b4 {[%clk 1:30:30]} c6 {[%clk 1:30:05]} 2. e3 {[%clk 1:31:22]} Nf6
{[%clk 1:19:34]} 3. c4 {[%clk 1:29:48]} a5 {[%clk 1:19:05]} 4. b5
{[%clk 1:29:50]} cxb5 {[%clk 1:19:21]} 5. cxb5 {[%clk 1:30:08]} d5
{[%clk 1:16:31]} 6. Nf3 {[%clk 1:29:36]} Bg4 {[%clk 1:12:12]} 7. Bb2
{[%clk 1:24:14]} Nbd7 {[%clk 1:09:39]} 8. h3 {[%clk 1:23:08]} Bh5
{[%clk 1:07:51]} 9. Be2 {[%clk 1:23:07]} a4 {[%clk 0:58:13]} 10. O-O
{[%clk 1:18:33]} e6 {[%clk 0:57:30]} 11. Ne5 {[%clk 1:12:34]} Bxe2
{[%clk 0:54:00]} 12. Qxe2 {[%clk 1:11:08]} a3 {[%clk 0:52:06]} 13. Bd4
{[%clk 1:10:05]} Nxe5 {[%clk 0:42:59]} 14. Bxe5 {[%clk 1:05:59]} Be7
{[%clk 0:43:27]} 15. d3 {[%clk 0:56:49]} O-O {[%clk 0:41:57]} 16. Rc1
{[%clk 0:55:21]} Rc8 {[%clk 0:35:46]} 17. Nd2 {[%clk 0:33:09]} Qb6
{[%clk 0:35:54]} 18. d4 {[%clk 0:33:29]} Nd7 {[%clk 0:36:05]} 19. Nb3
{[%clk 0:31:53]} Nxe5 {[%clk 0:29:39]} 20. dxe5 {[%clk 0:31:48]} f6
{[%clk 0:30:00]} 21. Rxc8 {[%clk 0:29:06]} Rxc8 {[%clk 0:28:46]} 22. exf6
{[%clk 0:26:22]} Bxf6 {[%clk 0:29:13]} 23. Rc1 {[%clk 0:22:17]} Rxc1+
{[%clk 0:28:42]} 24. Nxc1 {[%clk 0:22:44]} Qc5 {[%clk 0:29:04]} 25. Nb3
{[%clk 0:23:02]} Qc3 {[%clk 0:27:37]} 26. b6 {[%clk 0:15:22]} Qc6
{[%clk 0:22:47]} 27. e4 {[%clk 0:04:38]} dxe4 {[%clk 0:20:56]} 28. Qh5
{[%clk 0:05:00]} h6 {[%clk 0:15:50]} 29. Qc5 {[%clk 0:05:01]} Qxc5
{[%clk 0:14:55]} 30. Nxc5 {[%clk 0:05:26]} Bd4 {[%clk 0:15:15]} 31. Nxb7
{[%clk 0:03:32]} e3 {[%clk 0:13:42]} 32. fxe3 {[%clk 0:03:48]} Bxe3+
{[%clk 0:14:04]} 33. Kf1 {[%clk 0:04:17]} Bxb6 {[%clk 0:14:21]} 34. Ke2
{[%clk 0:03:29]} Kf7 {[%clk 0:13:40]} 35. Nd6+ {[%clk 0:03:10]} Kf6
{[%clk 0:12:58]} 36. Kf3 {[%clk 0:02:20]} Ba5 {[%clk 0:06:36]} 37. Ke4
{[%clk 0:02:12]} h5 {[%clk 0:03:02]} 38. Ne8+ {[%clk 0:01:29]} Kf7
{[%clk 0:01:36]} 39. Nd6+ {[%clk 0:01:55]} Kf6 {[%clk 0:00:47]} 40. Ne8+
{[%clk 0:02:12]} Kf7 {[%clk 0:01:03]} 41. Nd6+ {[%clk 0:02:19]} Ke7
{[%clk 0:27:53]} 42. Nc4 {[%clk 0:25:59]} Bb4 {[%clk 0:28:14]} 43. Ke5
{[%clk 0:24:29]} h4 {[%clk 0:24:48]} 44. Ke4 {[%clk 0:21:01]} Bd6
{[%clk 0:17:24]} 45. Kd4 {[%clk 0:11:58]} Kd7 {[%clk 0:16:05]} 46. Kc3
{[%clk 0:11:30]} Bc5 {[%clk 0:07:47]} 47. Kb3 {[%clk 0:10:00]} Kc6
{[%clk 0:07:48]} 48. Nxa3 {[%clk 0:08:24]} Kd5 {[%clk 0:08:17]} 49. Nc2
{[%clk 0:06:03]} e5 {[%clk 0:05:09]} 50. Kc3 {[%clk 0:05:51]} Ke4
{[%clk 0:04:39]} 51. Kd2 {[%clk 0:05:32]} Kf4 {[%clk 0:04:07]} 52. Ke2
{[%clk 0:03:01]} g5 {[%clk 0:04:10]} 53. a4 {[%clk 0:02:58]} Bb6 {[%clk 0:03:18]}
54. Nb4 {[%clk 0:02:40]} Ke4 {[%clk 0:01:59]} 55. Nc6 {[%clk 0:02:18]} Kd5
{[%clk 0:02:02]} 56. Ne7+ {[%clk 0:02:01]} Ke6 {[%clk 0:02:02]} 57. Nc6
{[%clk 0:02:18]} Kd5 {[%clk 0:02:08]} 58. Ne7+ {[%clk 0:02:15]} Ke6
{[%clk 0:02:36]} 59. Nc6 {[%clk 0:02:22]} 1/2-1/2

[Event "Praha"]
[Site "?"]
[Date "2023.01.07"]
[Round "2.10"]
[White "Sorm, Daniel"]
[Black "Pyrig, Roman"]
[Result "1-0"]
[BlackElo "2066"]
[WhiteElo "2302"]
[LiveChessVersion "1.4.8"]

1. d4 {[%clk 1:30:00]} d5 {[%clk 1:30:13]} 2. Bf4 {[%clk 1:29:53]} Nf6
{[%clk 1:30:07]} 3. e3 {[%clk 1:30:20]} e6 {[%clk 1:28:41]} 4. Nd2
{[%clk 1:28:03]} c5 {[%clk 1:22:41]} 5. c3 {[%clk 1:26:55]} Nc6 {[%clk 1:12:53]}
6. Ngf3 {[%clk 1:24:18]} Bd6 {[%clk 1:07:03]} 7. Bg3 {[%clk 1:21:47]} O-O
{[%clk 0:57:35]} 8. Bd3 {[%clk 1:20:59]} Qe7 {[%clk 0:43:46]} 9. Ne5
{[%clk 1:16:22]} Nd7 {[%clk 0:39:48]} 10. Nxd7 {[%clk 1:14:10]} Bxd7
{[%clk 0:37:44]} 11. Bxd6 {[%clk 1:14:22]} Qxd6 {[%clk 0:38:06]} 12. dxc5
{[%clk 1:14:41]} Qxc5 {[%clk 0:38:28]} 13. Bxh7+ {[%clk 1:13:43]} Kxh7
{[%clk 0:37:45]} 14. Qh5+ {[%clk 1:14:09]} Kg8 {[%clk 0:38:06]} 15. Ne4
{[%clk 1:14:37]} Qb5 {[%clk 0:26:17]} 16. Ng5 {[%clk 1:12:18]} Rfd8
{[%clk 0:26:44]} 17. Qxf7+ {[%clk 1:11:38]} Kh8 {[%clk 0:27:12]} 18. O-O-O
{[%clk 0:47:55]} Rac8 {[%clk 0:08:03]} 19. h4 {[%clk 0:36:41]} Qa4
{[%clk 0:08:19]} 20. Qg6 {[%clk 0:28:02]} Kg8 {[%clk 0:06:23]} 21. Kb1
{[%clk 0:23:32]} Ne5 {[%clk 0:02:35]} 22. Qh7+ {[%clk 0:22:30]} Kf8
{[%clk 0:03:04]} 23. Rd4 {[%clk 0:22:49]} Nc4 {[%clk 0:03:33]} 24. Qh8+
{[%clk 0:15:15]} Ke7 {[%clk 0:04:02]} 25. Qxg7+ {[%clk 0:15:37]} Kd6
{[%clk 0:04:31]} 26. Nf7+ {[%clk 0:15:42]} Kc6 {[%clk 0:01:11]} 27. Ne5+
{[%clk 0:07:17]} Kb6 {[%clk 0:00:59]} 28. h5 {[%clk 0:06:49]} Qb5
{[%clk 0:00:32]} 29. Nxc4+ {[%clk 0:05:20]} Rxc4 {[%clk 0:01:00]} 30. h6
{[%clk 0:04:03]} Rxc3 {[%clk 0:00:31]} 31. h7 {[%clk 0:03:32]} Rcc8
{[%clk 0:01:00]} 32. a4 {[%clk 0:02:28]} Qb3 {[%clk 0:00:37]} 33. h8=Q
{[%clk 0:02:05]} Rxh8 {[%clk 0:01:05]} 34. Rxh8 {[%clk 0:02:30]} Rc2
{[%clk 0:00:38]} 35. Rb4+ {[%clk 0:01:22]} Qxb4 {[%clk 0:01:06]} 36. Kxc2
{[%clk 0:01:51]} Bxa4+ {[%clk 0:00:45]} 37. Kb1 {[%clk 0:02:05]} Qe4+
{[%clk 0:01:00]} 38. Ka1 {[%clk 0:02:25]} e5 {[%clk 0:01:05]} 39. Qe7
{[%clk 0:01:13]} Bc6 {[%clk 0:00:32]} 40. Rh4 {[%clk 0:01:01]} Qxg2
{[%clk 0:00:32]} 41. Qxe5 {[%clk 0:11:57]} Qf1+ {[%clk 0:08:54]} 42. Ka2
{[%clk 0:12:15]} Qa6+ {[%clk 0:09:22]} 43. Kb3 {[%clk 0:10:01]} Qd3+
{[%clk 0:09:39]} 44. Qc3 {[%clk 0:09:06]} Qb1 {[%clk 0:05:36]} 45. Qb4+
{[%clk 0:03:55]} Ka6 {[%clk 0:05:49]} 46. Qa3+ {[%clk 0:04:17]} Kb6
{[%clk 0:06:16]} 47. Rb4+ {[%clk 0:03:47]} Kc7 {[%clk 0:06:35]} 48. Qxa7
{[%clk 0:02:34]} Qf1 {[%clk 0:02:08]} 49. Qc5 {[%clk 0:01:55]} Qxf2
{[%clk 0:01:08]} 50. Rf4 {[%clk 0:01:58]} Qe1 {[%clk 0:01:13]} 51. Rf7+
{[%clk 0:00:55]} Kb8 {[%clk 0:01:35]} 52. Rf8+ {[%clk 0:00:44]} Kc7
{[%clk 0:01:58]} 53. Rf7+ {[%clk 0:00:51]} Kb8 {[%clk 0:02:27]} 54. Qd6+
{[%clk 0:00:53]} Ka8 {[%clk 0:02:56]} 55. Rf8+ {[%clk 0:01:02]} Ka7
{[%clk 0:03:00]} 56. Qc5+ {[%clk 0:00:56]} 1-0

[Event "Praha"]
[Site "?"]
[Date "2023.01.07"]
[Round "2.11"]
[White "Nemsadze, Daviti"]
[Black "Tobak, Mikhail"]
[Result "0-1"]
[BlackElo "2297"]
[WhiteElo "2071"]
[LiveChessVersion "1.4.8"]

1. e4 {[%clk 1:30:18]} e5 {[%clk 1:30:54]} 2. Nf3 {[%clk 1:30:38]} Nc6
{[%clk 1:31:19]} 3. Bb5 {[%clk 1:31:04]} a6 {[%clk 1:31:41]} 4. Ba4
{[%clk 1:31:31]} Nf6 {[%clk 1:32:00]} 5. O-O {[%clk 1:31:57]} Be7
{[%clk 1:32:12]} 6. Re1 {[%clk 1:32:24]} b5 {[%clk 1:32:35]} 7. Bb3
{[%clk 1:32:53]} O-O {[%clk 1:32:58]} 8. a4 {[%clk 1:33:21]} b4 {[%clk 1:33:23]}
9. a5 {[%clk 1:33:48]} d6 {[%clk 1:33:12]} 10. d3 {[%clk 1:34:10]} Be6
{[%clk 1:32:00]} 11. Bxe6 {[%clk 1:33:53]} fxe6 {[%clk 1:32:24]} 12. Nbd2
{[%clk 1:33:56]} Qe8 {[%clk 1:30:18]} 13. c3 {[%clk 1:32:37]} bxc3
{[%clk 1:29:00]} 14. bxc3 {[%clk 1:33:01]} Rb8 {[%clk 1:27:59]} 15. Nc4
{[%clk 1:28:53]} Qg6 {[%clk 1:24:18]} 16. Kh1 {[%clk 1:16:52]} Rb5
{[%clk 1:16:57]} 17. Qe2 {[%clk 1:15:11]} Nd7 {[%clk 1:12:38]} 18. d4
{[%clk 1:08:26]} exd4 {[%clk 1:01:50]} 19. Nxd4 {[%clk 1:05:05]} Nxd4
{[%clk 0:53:03]} 20. cxd4 {[%clk 1:05:33]} Bh4 {[%clk 0:48:08]} 21. g3
{[%clk 1:05:13]} Bf6 {[%clk 0:48:17]} 22. Bb2 {[%clk 1:04:21]} d5
{[%clk 0:45:56]} 23. exd5 {[%clk 1:03:18]} exd5 {[%clk 0:45:55]} 24. Ne3
{[%clk 0:44:57]} Re8 {[%clk 0:30:59]} 25. Qd2 {[%clk 0:43:09]} h5 26. Bc3 h4
{[%clk 0:22:11]} 27. Ng2 {[%clk 0:36:16]} h3 {[%clk 0:20:47]} 28. Nf4
{[%clk 0:36:32]} Rxe1+ {[%clk 0:21:13]} 29. Rxe1 {[%clk 0:36:58]} Qf5
{[%clk 0:20:08]} 30. Qe3 {[%clk 0:33:14]} Rb3 {[%clk 0:15:34]} 31. Ne2
{[%clk 0:26:45]} c5 {[%clk 0:12:24]} 32. Kg1 {[%clk 0:23:40]} cxd4
{[%clk 0:09:04]} 33. Nxd4 {[%clk 0:23:56]} Bxd4 {[%clk 0:09:04]} 34. Qxd4
{[%clk 0:23:58]} Nf6 {[%clk 0:09:19]} 35. Qe3 {[%clk 0:21:01]} Ne4
{[%clk 0:08:39]} 36. Qd4 {[%clk 0:20:19]} Rxc3 {[%clk 0:08:15]} 0-1